[Event "BI-2011-P-00013"]
[Site "LSS email"]
[Date "2011.04.17"]
[Round "?"]
[White "Garmatz, Walter Eduardo Zenk"]
[Black "Stepanov, Konstantin Vasiliev"]
[Result "0-1"]
[WhiteElo "1489"]
[BlackElo "2075"]
[PlyCount "112"]
[EventDate "2011.04.20"]
[EventType "tourn (corr)"]
[EventRounds "10"]
[EventCountry "GER"]
[SourceTitle "Telechess CBM 157"]
[Source "ChessBase"]
[SourceDate "2013.11.12"]
[SourceVersion "1"]
[SourceVersionDate "2013.11.12"]
[SourceQuality "1"]

1. e4 c5 2. Nf3 Nc6 3. d4 cxd4 4. Nxd4 Nf6 5. Nc3 e5 6. Ndb5 d6 7. Nd5 Nxd5 8. exd5 Nb8 9. Bd3 a6 10. Nc3 Be7 11. 0-0 0-0 12. a4 f5 13. a5 Nd7 14. Be2 Nf6 15. f4 b5 16. axb6 Qxb6+ 17. Kh1 e4 18. Na4 Qb7 19. c4 Rb8 20. Ra3 Bd7 21. Be3 Bd8 22. Bd4 a5 23. Bc3 e3 24. Bd4 Bxa4 25. Qxa4 Bb6 26. Bxf6 Rxf6 27. Rb3 Qc7 28. Rb5 Bc5 29. Ra1 Bb4 30. Rxb8+ Qxb8 31. Qc2 Qb6 32. g3 g6 33. Kg2 Rf7 34. Qd1 Kg7 35. Ra2 Bd2 36. Qc2 Re7 37. Qd3 h5 38. Kf3 h4 39. Kg2 Re8 40. b3 Rh8 41. Ra1 h3+ 42. Kh1 Rb8 43. Rb1 Qd8 44. g4 Qf6 45. gxf5 Qxf5 46. Qd4+ Kg8 47. Bd3 Qg4 48. Qe4 Qg2+ 49. Qxg2 hxg2+ 50. Kxg2 a4 51. Kf3 a3 52. Ra1 Rxb3 53. Bxg6 Kg7 54. Be4 e2+ 55. Kxe2 Bxf4 56. Bd3 Kf6 0-1

[Event "BI-2011-P-00013"]
[Site "LSS email"]
[Date "2011.04.17"]
[Round "?"]
[White "Garmatz, Walter Eduardo Zenk"]
[Black "Zielinski, Sergej"]
[Result "0-1"]
[WhiteElo "1489"]
[BlackElo "2148"]
[PlyCount "78"]
[EventDate "2011.04.20"]
[EventType "tourn (corr)"]
[EventRounds "10"]
[EventCountry "GER"]
[SourceTitle "Telechess CBM 157"]
[Source "ChessBase"]
[SourceDate "2013.11.12"]
[SourceVersion "1"]
[SourceVersionDate "2013.11.12"]
[SourceQuality "1"]

1. e4 e5 2. Nf3 Nc6 3. Bb5 a6 4. Ba4 Nf6 5. 0-0 Be7 6. Re1 b5 7. Bb3 d6 8. c3 0-0 9. d4 Bg4 10. d5 Na5 11. Bc2 c6 12. h3 Bc8 13. dxc6 Qc7 14. Nbd2 Qxc6 15. Nf1 Be6 16. Ng5 Bd7 17. Ne3 h6 18. Nd5 Nxd5 19. exd5 Qc8 20. Nh7 Rd8 21. Qh5 f5 22. Bxh6 Be8 23. Qf3 Bg6 24. Ng5 gxh6 25. Ne6 Rf8 26. Nxf8 Kxf8 27. a4 b4 28. g4 bxc3 29. bxc3 Bg5 30. gxf5 Bf7 31. Rad1 Ra7 32. h4 Bf4 33. Be4 Qd8 34. Qh3 Bh5 35. Bf3 Bxf3 36. Qxf3 Rg7+ 37. Kf1 Nb3 38. Qh3 Qc8 39. Re2 h5 0-1

[Event "CP-2010-P-00038"]
[Site "LSS email"]
[Date "2010.09.28"]
[Round "?"]
[White "Dorer, Manfred"]
[Black "Garmatz, Walter Eduardo Zenk"]
[Result "1-0"]
[WhiteElo "2243"]
[BlackElo "1432"]
[PlyCount "91"]
[EventDate "2010.10.01"]
[EventType "tourn (corr)"]
[EventRounds "6"]
[EventCountry "GER"]
[SourceTitle "Telechess CBM 147"]
[Source "ChessBase"]
[SourceDate "2012.03.16"]
[SourceVersion "1"]
[SourceVersionDate "2012.03.16"]
[SourceQuality "1"]

1. e4 e5 2. Nf3 Nf6 3. d4 Nxe4 4. Bd3 d5 5. Nxe5 Nd7 6. Nxd7 Bxd7 7. 0-0 Bd6 8. c4 c6 9. Nc3 0-0 10. cxd5 Nxc3 11. bxc3 cxd5 12. Qh5 f5 13. Qf3 Kh8 14. Bf4 Bxf4 15. Qxf4 Qa5 16. Rfc1 Bb5 17. Bxb5 Qxb5 18. Re1 Qc4 19. Re7 Qxc3 20. Rc1 Qb2 21. h3 Rae8 22. Rd7 Re4 23. Qg5 Qxd4 24. Rcc7 Rg8 25. Rxg7 Qa1+ 26. Kh2 Qe5+ 27. g3 Qxg7 28. Rxg7 Rxg7 29. Qxf5 Re2 30. Kg2 b6 31. Qxd5 Rge7 32. g4 Kg7 33. Kg3 R2e5 34. Qd4 Kf7 35. f4 Re3+ 36. Kh4 R3e4 37. Qd5+ Kg7 38. Kh5 Re3 39. h4 Kf8 40. f5 R3e5 41. Qd6 Ke8 42. Kh6 Rc5 43. f6 Rec7 44. g5 R5c6 45. Qd5 Kf8 46. h5 1-0

[Event "CP-2010-P-00038"]
[Site "LSS email"]
[Date "2010.09.28"]
[Round "?"]
[White "Garmatz, Walter Eduardo Zenk"]
[Black "Fuller, Christopher"]
[Result "1-0"]
[WhiteElo "1421"]
[BlackElo "908"]
[PlyCount "71"]
[EventDate "2010.10.01"]
[EventType "tourn (corr)"]
[EventRounds "6"]
[EventCountry "GER"]
[SourceTitle "Telechess CBM 143"]
[Source "ChessBase"]
[SourceDate "2011.07.15"]
[SourceVersion "1"]
[SourceVersionDate "2011.07.15"]
[SourceQuality "1"]

1. d4 e6 2. e4 d5 3. Nc3 Bd7 4. exd5 exd5 5. Nxd5 Nc6 6. Nf3 Bd6 7. Be2 Nf6 8. Bg5 Be6 9. Nxf6+ gxf6 10. Be3 0-0 11. c4 Bb4+ 12. Kf1 f5 13. d5 Re8 14. dxc6 Qxd1+ 15. Rxd1 Rad8 16. Rxd8 Rxd8 17. cxb7 Rb8 18. c5 Rxb7 19. a3 f4 20. Bd4 Ba5 21. b4 Bxb4 22. axb4 Rxb4 23. Bd3 a5 24. Ke2 a4 25. Ra1 Bd5 26. Be5 c6 27. Nd2 Bxg2 28. Rg1 f3+ 29. Nxf3 Rg4 30. Nd4 f6 31. Bxf6 a3 32. Bf5 Rg6 33. Bxg6 hxg6 34. Rxg2 a2 35. Nxc6 a1Q 36. Bxa1 1-0

[Event "LSS RE-2010-0-00044"]
[Site "LSS email"]
[Date "2010.09.18"]
[Round "?"]
[White "Garmatz, Walter Eduardo Zenk"]
[Black "Sukhanitskij, Stanislav"]
[Result "0-1"]
[WhiteElo "1418"]
[BlackElo "1841"]
[PlyCount "100"]
[EventDate "2010.05.04"]
[EventType "tourn (corr)"]
[EventRounds "6"]
[EventCountry "GER"]
[SourceTitle "Telechess CBM 145"]
[Source "Chessbase"]
[SourceDate "2011.11.11"]
[SourceVersion "1"]
[SourceVersionDate "2011.11.11"]
[SourceQuality "1"]

1. d4 d5 2. Nf3 Nf6 3. c4 c6 4. Nc3 a6 5. c5 Bf5 6. Bf4 Nbd7 7. e3 Nh5 8. Nh4 Nxf4 9. Nxf5 g6 10. Ng3 Ne6 11. Bd3 Bg7 12. 0-0 0-0 13. Rc1 f5 14. f4 Qa5 15. Rb1 Nxd4 16. exd4 Bxd4+ 17. Kh1 Qxc5 18. b4 Qd6 19. Nce2 Bb6 20. Qd2 Rae8 21. a4 e5 22. fxe5 Nxe5 23. a5 Ba7 24. Nf4 Ng4 25. Nh3 Be3 26. Qc2 h5 27. Rf3 d4 28. Ng1 Re7 29. Nf1 Rfe8 30. Qb2 Kh7 31. Rd1 Bxg1 32. Kxg1 Re1 33. Rxe1 Rxe1 34. Rh3 Qf4 35. Rg3 Kh6 36. Rh3 g5 37. Qa2 h4 38. Qc2 Kg6 39. Qa2 Kf6 40. Qc2 Ne5 41. Qf2 Qxf2+ 42. Kxf2 g4 43. Kxe1 gxh3 44. Be2 hxg2 45. Kf2 gxf1Q+ 46. Bxf1 Kg5 47. Be2 d3 48. Bd1 Ng4+ 49. Kg1 h3 50. Ba4 Kf4 0-1

[Event "LSS RE-2010-0-00043"]
[Site "LSS email"]
[Date "2010.09.12"]
[Round "?"]
[White "Molano Lafuente, Ismael"]
[Black "Garmatz, Walter Eduardo Zenk"]
[Result "0-1"]
[WhiteElo "1280"]
[BlackElo "1361"]
[PlyCount "36"]
[EventDate "2010.04.17"]
[EventType "tourn (corr)"]
[EventRounds "6"]
[EventCountry "GER"]
[SourceTitle "Telechess CBM 141"]
[Source "ChessBase"]
[SourceDate "2011.03.17"]
[SourceVersion "1"]
[SourceVersionDate "2011.03.17"]
[SourceQuality "1"]

1. b3 d5 2. Bb2 c5 3. e3 Nc6 4. f4 Nf6 5. Nf3 e6 6. Bd3 Be7 7. 0-0 0-0 8. Ne5 Qc7 9. a3 Nxe5 10. fxe5 Nd7 11. Qg4 b6 12. Rf3 h6 13. Rh3 Nxe5 14. Bxe5 Qxe5 15. Rxh6 g6 16. Nc3 Qg7 17. Rh3 e5 18. Nxd5 Bd8 0-1

[Event "LSS RD-2010-0-00034"]
[Site "LSS email"]
[Date "2010.08.04"]
[Round "?"]
[White "Guaimare Rodriguez, Carlos Luis"]
[Black "Garmatz, Walter Eduardo Zenk"]
[Result "0-1"]
[WhiteElo "1432"]
[BlackElo "1326"]
[PlyCount "64"]
[EventDate "2010.04.08"]
[EventType "tourn (corr)"]
[EventRounds "6"]
[EventCountry "GER"]
[SourceTitle "Telechess CBM 141"]
[Source "ChessBase"]
[SourceDate "2011.03.17"]
[SourceVersion "1"]
[SourceVersionDate "2011.03.17"]
[SourceQuality "1"]

1. e4 e5 2. Nf3 Nc6 3. Bb5 a6 4. Ba4 Nf6 5. 0-0 Be7 6. Re1 b5 7. Bb3 d6 8. c3 0-0 9. h3 Na5 10. Bc2 c5 11. d4 Qc7 12. Nbd2 Nc6 13. Nf1 cxd4 14. cxd4 Nxd4 15. Nxd4 exd4 16. Bg5 Bb7 17. Rc1 Qb6 18. Ng3 h6 19. Nf5 hxg5 20. Nxe7+ Kh8 21. e5 dxe5 22. Rxe5 Rfe8 23. Qe2 Rad8 24. Rxg5 Qd6 25. Re1 d3 26. Bxd3 Qxd3 27. Qxd3 Rxd3 28. Rge5 Kh7 29. Nf5 Rxe5 30. Rxe5 Rd1+ 31. Kh2 Rd2 32. Kg3 Rxb2 0-1

[Event "OP-2010-0-01223"]
[Site "LSS email"]
[Date "2010.08.03"]
[Round "?"]
[White "Garmatz, Walter Eduardo Zenk"]
[Black "Zimmermann, Jan Erik"]
[Result "1-0"]
[WhiteElo "1353"]
[BlackElo "962"]
[PlyCount "59"]
[EventDate "2010.07.28"]
[EventType "tourn (corr)"]
[EventRounds "4"]
[EventCountry "GER"]
[SourceTitle "Telechess CBM 143"]
[Source "ChessBase"]
[SourceDate "2011.07.15"]
[SourceVersion "1"]
[SourceVersionDate "2011.07.15"]
[SourceQuality "1"]

1. d4 d5 2. Nf3 Nf6 3. Nbd2 Bg4 4. c4 dxc4 5. Nxc4 Bxf3 6. exf3 Nc6 7. Be3 e6 8. a3 Be7 9. Be2 0-0 10. 0-0 a6 11. Rc1 Nd5 12. Qb3 Rb8 13. Rfd1 b5 14. Nd2 Na5 15. Qc2 Rc8 16. b4 Nb7 17. Qc6 Nd6 18. Ne4 Ra8 19. Nc5 Qc8 20. Bd3 Ra7 21. Be4 Qa8 22. Bxd5 exd5 23. Qd7 Qd8 24. Qg4 f5 25. Qf4 Ne4 26. fxe4 fxe4 27. Qe5 Bf6 28. Qe6+ Kh8 29. Nd7 c6 30. Nxf8 1-0

[Event "LSS SD-2010-0-00057"]
[Site "LSS email"]
[Date "2010.05.15"]
[Round "?"]
[White "Morau, Jose Roberto"]
[Black "Garmatz, Walter Eduardo Zenk"]
[Result "1/2-1/2"]
[WhiteElo "1509"]
[BlackElo "1433"]
[PlyCount "72"]
[EventDate "2010.03.29"]
[EventType "tourn (corr)"]
[EventRounds "6"]
[EventCountry "GER"]
[SourceTitle "Telechess CBM 141"]
[Source "ChessBase"]
[SourceDate "2011.03.17"]
[SourceVersion "1"]
[SourceVersionDate "2011.03.17"]
[SourceQuality "1"]

1. e4 e5 2. Nf3 Nc6 3. Bc4 Bc5 4. Nc3 Nf6 5. d3 d6 6. Na4 Bb6 7. c3 0-0 8. 0-0 Be6 9. Bxe6 fxe6 10. Qb3 Qd7 11. Nxb6 axb6 12. Ng5 Rae8 13. Be3 h6 14. Nf3 d5 15. Qc2 Qf7 16. b4 Qh5 17. h3 Re7 18. a4 Ref7 19. Rfe1 Nd7 20. b5 Ne7 21. Nd2 Nc5 22. a5 Ng6 23. axb6 cxb6 24. d4 exd4 25. cxd4 Nxe4 26. Nxe4 dxe4 27. Qxe4 Qf5 28. f3 Rc8 29. Rac1 Rfc7 30. Red1 Ne7 31. Rxc7 Rxc7 32. Bf4 Rd7 33. Be5 Nd5 34. Rc1 Kf7 35. g4 Qg6 36. Kh2 Nf6 1/2-1/2

[Event "LSS SD-2010-0-00057"]
[Site "LSS email"]
[Date "2010.05.14"]
[Round "?"]
[White "Garmatz, Walter Eduardo Zenk"]
[Black "Van de Peut, Aart A"]
[Result "1/2-1/2"]
[WhiteElo "1362"]
[BlackElo "1420"]
[PlyCount "65"]
[EventDate "2010.03.29"]
[EventType "tourn (corr)"]
[EventRounds "6"]
[EventCountry "GER"]
[SourceTitle "Telechess CBM 141"]
[Source "ChessBase"]
[SourceDate "2011.03.17"]
[SourceVersion "1"]
[SourceVersionDate "2011.03.17"]
[SourceQuality "1"]

1. e4 e6 2. d4 d5 3. Nc3 Bb4 4. e5 c5 5. a3 Bxc3+ 6. bxc3 Ne7 7. Nf3 Bd7 8. a4 Qa5 9. Bd2 c4 10. Qb1 Na6 11. Qa2 f6 12. Be2 Ng6 13. exf6 gxf6 14. Qa3 0-0-0 15. 0-0 Bc6 16. Rfb1 Rhg8 17. Rb2 e5 18. dxe5 fxe5 19. Be3 Kb8 20. Rab1 Rd7 21. g3 Nf4 22. Bf1 d4 23. Bxf4 exf4 24. Nxd4 Rxd4 25. cxd4 Qd5 26. f3 fxg3 27. h3 Qxd4+ 28. Kh1 c3 29. Rxb7+ Bxb7 30. Rxb7+ Kxb7 31. Qb3+ Nb4 32. Qxg8 Qf2 33. Qf7+ 1/2-1/2

[Event "LSS CP-2009-P-00056"]
[Site "LSS email"]
[Date "2009.09.27"]
[Round "?"]
[White "Garmatz, Walter Eduardo Zenk"]
[Black "Ribelles Sala, Maria Magdalena"]
[Result "1-0"]
[WhiteElo "1458"]
[BlackElo "1575"]
[PlyCount "51"]
[EventDate "2009.10.01"]
[EventType "tourn (corr)"]
[EventRounds "6"]
[EventCountry "GER"]
[SourceTitle "Corr 2013"]
[Source "ChessBase"]
[SourceDate "2012.11.12"]
[SourceVersion "1"]
[SourceVersionDate "2012.11.12"]
[SourceQuality "1"]
[WhiteTeam "US of America"]
[BlackTeam "US of America"]
[WhiteTeamCountry "USA"]
[BlackTeamCountry "USA"]

1. d4 Nf6 2. c4 e6 3. Nf3 b6 4. g3 Bb7 5. Bg2 Be7 6. 0-0 0-0 7. Nc3 Ne4 8. Qc2 Nxc3 9. Qxc3 c5 10. Rd1 cxd4 11. Qxd4 d6 12. Qd3 Nd7 13. Ng5 Bxg5 14. Bxb7 Nc5 15. Qf3 Nxb7 16. Bxg5 Qxg5 17. Qxb7 Rfd8 18. Rxd6 Rxd6 19. Qxa8+ Qd8 20. Qxd8+ Rxd8 21. Kf1 Rd2 22. b3 Kf8 23. Ke1 Rb2 24. f4 Ke7 25. Kf2 f5 26. h3 1-0

[Event "LSS RD-2009-0-00025"]
[Site "LSS email"]
[Date "2009.08.15"]
[Round "?"]
[White "Garmatz, Walter Eduardo Zenk"]
[Black "Evtushenko, Sergey Aleksandrovi"]
[Result "0-1"]
[WhiteElo "1498"]
[BlackElo "1561"]
[PlyCount "54"]
[EventDate "2009.05.02"]
[EventType "tourn (corr)"]
[EventRounds "6"]
[EventCountry "GER"]
[SourceTitle "Corr 2011"]
[Source "ChessBase"]
[SourceDate "2010.08.31"]
[SourceVersion "1"]
[SourceVersionDate "2010.08.31"]
[SourceQuality "1"]

1. e4 c5 2. Nf3 d6 3. d4 cxd4 4. Nxd4 Nf6 5. Nc3 a6 6. a4 e5 7. Nf3 Be7 8. Bc4 0-0 9. h3 Be6 10. Qd3 Nc6 11. 0-0 Nb4 12. Qe2 Bxc4 13. Qxc4 Nxc2 14. Ra2 Qd7 15. Qb3 Nd4 16. Nxd4 exd4 17. Nd5 Nxd5 18. Qxd5 Bf6 19. b3 Qc6 20. Qf5 Rfe8 21. f3 Re5 22. Qg4 Rc5 23. Ba3 Rc3 24. b4 Qxa4 25. Rfa1 Qb3 26. Rb2 Qc4 27. Rd2 Rxa3 0-1

[Event "LSS No Engine Cup Gr04 prel 05 email"]
[Site "LSS email"]
[Date "2009.08.04"]
[Round "?"]
[White "McGuire, Paul"]
[Black "Garmatz, Walter Eduardo Zenk"]
[Result "0-1"]
[WhiteElo "631"]
[BlackElo "1451"]
[PlyCount "42"]
[EventDate "2009.08.05"]
[EventType "tourn (corr)"]
[EventRounds "6"]
[EventCountry "GER"]
[SourceTitle "Telechess CBM 137"]
[Source "ChessBase"]
[SourceDate "2010.07.15"]
[SourceVersion "1"]
[SourceVersionDate "2010.07.15"]
[SourceQuality "1"]

1. c4 e5 2. e4 Bc5 3. Nf3 d6 4. Nc3 Nc6 5. d3 Bg4 6. Be2 Nf6 7. 0-0 h6 8. h3 Bh5 9. Be3 Bb6 10. Bxb6 axb6 11. a3 0-0 12. Nh2 Bxe2 13. Qxe2 Nd4 14. Qd1 c6 15. Ne2 Nxe2+ 16. Qxe2 Nd7 17. Qg4 Nc5 18. Qg3 Nb3 19. Rad1 f5 20. exf5 Rxf5 21. f4 exf4 0-1

[Event "LSS No Engine Cup 04 Preliminary 5"]
[Site "LSS email"]
[Date "2009.08.04"]
[Round "?"]
[White "Murphy, Jones"]
[Black "Garmatz, Walter Eduardo Zenk"]
[Result "1-0"]
[WhiteElo "1298"]
[BlackElo "1443"]
[PlyCount "87"]
[EventDate "2009.08.05"]
[EventType "tourn (corr)"]
[EventRounds "6"]
[EventCountry "GER"]
[SourceTitle "Corr 2013"]
[Source "ChessBase"]
[SourceDate "2012.11.12"]
[SourceVersion "1"]
[SourceVersionDate "2012.11.12"]
[SourceQuality "1"]

1. d4 Nf6 2. f3 e6 3. e4 d5 4. e5 Nh5 5. Nh3 c5 6. g4 Qh4+ 7. Nf2 cxd4 8. gxh5 Bc5 9. Bd3 Nc6 10. f4 Nb4 11. a3 Nxd3+ 12. cxd3 Bd7 13. Qg4 Qxg4 14. Nxg4 Rc8 15. h6 g6 16. Nf6+ Kd8 17. Nd2 Ba4 18. Ke2 Bf8 19. Ng4 Rc2 20. b3 Bb5 21. a4 Ba6 22. Ba3 Rc3 23. Bxf8 Bxd3+ 24. Kf2 Rxf8 25. Rhc1 Ke7 26. Rxc3 dxc3 27. Nf3 Rc8 28. Nf6 a6 29. Rc1 b5 30. axb5 axb5 31. b4 Rc4 32. Ke3 Be4 33. Nd4 Bf5 34. Nxh7 c2 35. Ng5 Kf8 36. h7 Kg7 37. Nxf5+ gxf5 38. Kd3 Rxf4 39. Rxc2 Rg4 40. h4 Rxh4 41. Rc8 Rxh7 42. Nxh7 Kxh7 43. Ke3 Kg7 44. Rb8 1-0

[Event "LSS RD-2009-0-00025"]
[Site "LSS email"]
[Date "2009.07.27"]
[Round "?"]
[White "Garmatz, Walter Eduardo Zenk"]
[Black "Champion, William R"]
[Result "1-0"]
[WhiteElo "1498"]
[BlackElo "1427"]
[PlyCount "93"]
[EventDate "2009.05.02"]
[EventType "tourn (corr)"]
[EventRounds "6"]
[EventCountry "GER"]
[SourceTitle "Corr 2011"]
[Source "ChessBase"]
[SourceDate "2010.08.31"]
[SourceVersion "1"]
[SourceVersionDate "2010.08.31"]
[SourceQuality "1"]

1. d4 Nf6 2. c4 Nc6 3. d5 Ne5 4. Qd4 Ng6 5. e4 e5 6. dxe6 Bb4+ 7. Bd2 Bxd2+ 8. Nxd2 dxe6 9. Qxd8+ Kxd8 10. Ngf3 Ke7 11. Bd3 e5 12. 0-0 h6 13. Rac1 Nf4 14. Rc3 Rd8 15. Nxe5 Ke6 16. Ndf3 Nxd3 17. Rxd3 Rxd3 18. Nxd3 b6 19. Re1 Bb7 20. Nd4+ Ke7 21. e5 Ne8 22. e6 f6 23. Nf5+ Kf8 24. c5 b5 25. b4 g6 26. Nxh6 Kg7 27. Ng4 Rd8 28. Re3 Bd5 29. e7 Rd7 30. a3 Bc4 31. Ne1 Kf7 32. Nh6+ Kg7 33. Ng4 Kf7 34. f4 Rxe7 35. Rxe7+ Kxe7 36. Kf2 c6 37. Nc2 Nc7 38. Nd4 Bd5 39. Ne3 Be4 40. g4 Ne6 41. Nxe6 Kxe6 42. h4 Kf7 43. Nf1 f5 44. Ng3 Bc2 45. g5 Bd1 46. Ke3 Ke6 47. Kd4 1-0

[Event "LSS OP-2009-0-00906"]
[Site "LSS email"]
[Date "2009.07.27"]
[Round "?"]
[White "Garmatz, Walter Eduardo Zenk"]
[Black "Van Nierop, Arie"]
[Result "1-0"]
[WhiteElo "1439"]
[BlackElo "1898"]
[PlyCount "57"]
[EventDate "2009.07.21"]
[EventType "tourn (corr)"]
[EventRounds "4"]
[EventCountry "GER"]
[SourceTitle "Telechess CBM 137"]
[Source "ChessBase"]
[SourceDate "2010.07.15"]
[SourceVersion "1"]
[SourceVersionDate "2010.07.15"]
[SourceQuality "1"]

1. d4 Nf6 2. c4 e6 3. Nc3 Bb4 4. Qc2 d5 5. Bg5 dxc4 6. e4 Qxd4 7. Bxf6 Qxf6 8. Bxc4 Qg5 9. f3 0-0 10. Rd1 Nc6 11. a3 Bc5 12. Nh3 Qe3+ 13. Qe2 Nd4 14. Qxe3 Nc2+ 15. Kd2 Nxe3 16. Bd3 Nxd1 17. Rxd1 Rd8 18. Kc2 e5 19. Ng1 c6 20. Nge2 Be6 21. g3 a5 22. f4 a4 23. Nc1 f6 24. f5 Bf7 25. g4 Be3 26. N3e2 b5 27. h3 Rab8 28. Kb1 b4 29. Kc2 1-0